000 00535nab a2200145Ia 4500
003 ES-SlBCS
005 20210601142909.0
008 140529s2003 xxu||||| |||| 00| 0 spa d
041 _aspa
100 1 _aGarcía Torres, Rafael
_971962
245 0 0 _aLaureano Vallenilla Lanz y la hermenéutica de los fenómenos sociopolíticos e históricos en Venezuela. Ensayo de construcción argumental
_c Rafael García Torres
600 1 4 _aVallenilla Lanz, Laureano
_9278626
773 0 _tIter
_gnº. 32, 2003, págs. 62-105
_wRev385
942 _cAR
999 _c683781
_d683781